Logo BPK

Biblioteka

Politechniki Koszalińskiej

Fizika dlja vsech : (Rekord nr 15641)

Szczegóły MARC
000 -ETYKIETA REKORDU
podpole kontrolne o stałej długości 00389nam a2200145 i 4500
001 - NUMER KONTROLNY REKORDU
pole kontrolne bg
040 ## - ŹRÓDŁO KATALOGOWANIA
Instytucja, która utworzyła rekord BPK
041 ## - KOD JĘZYKA
Kod języka tekstu pol
080 ## - UNIWERSALNA KLASYFIKACJA DZIESIĘTNA - UKD
UKD 53
008 - POLE O STAŁEJ DŁUGOŚCI - DANE KONTROLNE
podpole kontrolne o stałej długości s pl f |000 0 pol
100 1# - NAZWA OSOBOWA
Nazwa osobowa COOPER, Leon N.
245 #0 - TYTUŁ/ODPOWIEDZIALNOŚĆ
Tytuł Fizika dlja vsech :
Ciąg dalszy tytułu vvedenie v suscnost' i struktur fiziki.
Oznaczenie części/sekcji dzieła T. 1,
Tytuł części/sekcji dzieła Klassiceskaja fizika /
Pozostałe elementy strefy tytułu i oznaczenia odpowiedzialności Leon N. Cooper.
260 ## - STREFA ADRESU WYDAWNICZEGO
Miejsce wydania Moskva,
Data publikacji, dystrybucji/powstania dokumentu 1973.
942 ## - DODATKOWE ELEMENTY (KOHA)
Typ dokumentu Książka
Egzemplarze
Wycofany Status egzemplarza Uszkodzony Dostępność Lokalizacja stała Lokalizacja bieżąca Miejsce przechowywania Sygnatura Kod kreskowy Typ dokumentu Numer ubytku
      Dostępny Biblioteka Politechniki Koszalińskiej Biblioteka Politechniki Koszalińskiej Wypożyczalnia BG 16424 01735710 Książka  
  Egz. niedostępny   Niedostępny Biblioteka Politechniki Koszalińskiej Biblioteka Politechniki Koszalińskiej   16425 01735727 Książka 11570
© 2023 Biblioteka Politechniki Koszalińskiej :: KOHA